banner-ar

THE MAMLUKS IN EGYPTIAN POLITICS AND SOCIETY / (Record no. 2108)

MARC details
000 -الفاتح
حقل البيانات ثابتة الطول 00702nam a2200229Ia 4500
008 - عناصر البيانات ثابتة الطول - معلومات عامة
حقل البيانات ثابتة الطول 140319s9999 xx 000 0 eng d
020 ## - الرقم الدولى المعيارى للكتب
الرقم الدولى المعيارى للكتاب 0521591155
040 ## - مصدر الفهرسة
وكالة الفهرسة الأصلية GCL /
وكالة النسخ GCL
082 04 - رقم تصنيف ديوى العشرى
رقم التصنيف CC
رقم المادة 962.02088355
-- P M
100 1# - المدخل الرئيسى - إسم شخصى
الإسم الشخصى PHILIPP, THOMAS
245 10 - بيان العنوان
العنوان THE MAMLUKS IN EGYPTIAN POLITICS AND SOCIETY /
بيان المسئوليه,etc PHILIPP, THOMAS
700 1# - المدخل الاضافى - اسم شخصى
الإسم الشخصى HAARMANN, ULRICH
250 ## - بيان الطبعة
بيان الطبعة FIRST
260 ## - PUBLICATION, DISTRIBUTION, ETC. (IMPRINT)
تاريخ النشر أو التوزيع 1998
300 ## - الوصف المادى
التعداد 306 P
تفاصيل ماديه اخرى للوعاء ILL., MAPS ؛
أبعاد الوعاء 24 cm.
490 ## - بيان السلسلة
عنوان السلسلة CAMBRIDGE STUDIES IN ISLAMIC CIVLIZATION
رقم المجلد/ التعيين التسلسلي 0
650 04 - المدخل الاضافى بالموضوع-مصطلح موضوعى
مصطلح موضوعي MAMELUKE
650 04 - المدخل الاضافى بالموضوع-مصطلح موضوعى
مصطلح موضوعي EGYPT - HISTORY - 1250 - 1517
650 04 - المدخل الاضافى بالموضوع-مصطلح موضوعى
مصطلح موضوعي EGYPT - HISTORY - 1517 - 1882
942 ## - عناصر المدخل الإضافي( كوها)
مصدر التصنيف او مخطط الترفيف Dewey Decimal Classification
Koha [default] item type كتاب
260 ## - PUBLICATION, DISTRIBUTION, ETC. (IMPRINT)
-- انجلترا :
-- CAMBRIDGE UNIVERSITY PRESS ،
Holdings
حالة التراجع حالة الفقد حالة تلف ليس للاعارة المكان المؤقت الموقع الحالى تاريخ الاكتساب اجمالي اﻻعارات رقم الطلب الباركود تاريخ اخر مشاهدة تاريخ تفعيل السعر نوع وعاء كوها
        مكتبة القاهرة الكبرى مكتبة القاهرة الكبرى 03/26/2014   CC\962.02088355\P M 4673 03/26/2014 03/26/2014 كتاب
        مكتبة القاهرة الكبرى مكتبة القاهرة الكبرى 03/26/2014   CC\962.02088355\P M 4674 03/26/2014 03/26/2014 كتاب
        مكتبة القاهرة الكبرى مكتبة القاهرة الكبرى 03/26/2014   CC\962.02088355\P M 4675 03/26/2014 03/26/2014 كتاب
        مكتبة القاهرة الكبرى مكتبة القاهرة الكبرى 03/26/2014   CC\962.02088355\P M 4676 03/26/2014 03/26/2014 كتاب
        مكتبة القاهرة الكبرى مكتبة القاهرة الكبرى 03/26/2014   CC\962.02088355\P M 4677 03/26/2014 03/26/2014 كتاب

Powered By

EGPV